|
|
|
|
| LEADER |
00000nam a2200000 i 4500 |
| 001 |
DIGANAGRA0139 |
| 003 |
NyNyDIG |
| 006 |
m o d |
| 007 |
cr ||||||||||| |
| 008 |
200904s2010 sp o 000 0 spa d |
| 035 |
|
|
|a (OCoLC)1007161256
|
| 040 |
|
|
|a DGITA
|b eng
|e rda
|e pn
|c DGITA
|
| 020 |
|
|
|a 9788433932822
|q eBook
|
| 020 |
|
|
|a 8433932829
|q eBook
|
| 020 |
|
|
|z 9788433925916
|
| 020 |
|
|
|z 8433925911
|
| 050 |
1 |
4 |
|a QC903 eBook
|
| 082 |
0 |
4 |
|a 363.73874
|
| 100 |
1 |
|
|a Caparrós, Martín,
|d 1957-
|e author.
|
| 245 |
1 |
0 |
|a Contra el cambio :
|b un hiperviaje al apocalipsis climático /
|c Martín Caparrós.
|
| 250 |
|
|
|a Edición en formato digital.
|
| 264 |
|
1 |
|a Barcelona :
|b Editorial Anagrama,
|c [2010]
|
| 300 |
|
|
|a 1 online resource.
|
| 336 |
|
|
|a text
|b txt
|2 rdacontent
|
| 337 |
|
|
|a computer
|b c
|2 rdamedia
|
| 338 |
|
|
|a online resource
|b cr
|2 rdacarrier
|
| 347 |
|
|
|a text file
|2 rdaft
|
| 347 |
|
|
|b EPUB
|
| 490 |
1 |
|
|a Crónicas ;
|v 91
|
| 588 |
0 |
|
|a Online resource; title from ePub title page (Digitalia, viewed September 4, 2020)
|
| 650 |
|
0 |
|a Climatic changes.
|
| 650 |
|
0 |
|a Global warming.
|
| 655 |
|
0 |
|a Electronic books.
|
| 776 |
0 |
8 |
|i Print version:
|a Caparrós, Martín, 1957-
|t Contra el cambio.
|d Barcelona : Editorial Anagrama, 2010
|z 9788433925916
|
| 791 |
2 |
|
|a Digitalia (Firm),
|e distributor.
|
| 793 |
0 |
|
|g Digitalia Hispánica eBook Collection:
|a Anagrama
|
| 830 |
|
0 |
|a Colección Crónicas (Barcelona, Spain) ;
|v 91.
|
| 856 |
4 |
0 |
|3 Digitalia Hispánica
|u https://www.digitaliapublishing.com/a/39526/
|
| 910 |
|
|
|a Premium Collection: 2020
|